LEADER 01352oam 2200385zu 450 001 9910872856103321 005 20241212215049.0 035 $a(CKB)111055184224120 035 $a(SSID)ssj0000451598 035 $a(PQKBManifestationID)12155641 035 $a(PQKBTitleCode)TC0000451598 035 $a(PQKBWorkID)10463132 035 $a(PQKB)10857693 035 $a(EXLCZ)99111055184224120 100 $a20160829d2001 uy 101 0 $aeng 181 $ctxt 182 $cc 183 $acr 200 10$a4th IEEE International Symposium on Object-Oriented Real-Time Distributed Computing: Proceedings, ISORC 2001, 2-4 May 2001, Magdeburg, Germany 210 31$a[Place of publication not identified]$cIEEE Computer Society Press$d2001 300 $aBibliographic Level Mode of Issuance: Monograph 311 08$a9780769510897 311 08$a0769510892 606 $aEngineering & Applied Sciences$2HILCC 606 $aComputer Science$2HILCC 615 7$aEngineering & Applied Sciences 615 7$aComputer Science 676 $a005.1/17 712 02$aIEEE Computer Society. 801 0$bPQKB 906 $aPROCEEDING 912 $a9910872856103321 996 $a4th IEEE International Symposium on Object-Oriented Real-Time Distributed Computing: Proceedings, ISORC 2001, 2-4 May 2001, Magdeburg, Germany$92313489 997 $aUNINA LEADER 03488nam 2200649Ia 450 001 9910832978103321 005 20200520144314.0 010 $a1-317-90850-3 010 $a1-138-41549-9 010 $a1-315-84898-8 010 $a1-317-90851-1 024 7 $a10.4324/9781315848983 035 $a(CKB)2670000000603144 035 $a(EBL)2002019 035 $a(SSID)ssj0001459577 035 $a(PQKBManifestationID)12473645 035 $a(PQKBTitleCode)TC0001459577 035 $a(PQKBWorkID)11465092 035 $a(PQKB)10140750 035 $a(MiAaPQ)EBC2002019 035 $a(OCoLC)958101143 035 $a(PPN)19656140X 035 $a(EXLCZ)992670000000603144 100 $a20000928d2000 uy 0 101 0 $aeng 135 $aur|n|---||||| 181 $ctxt 182 $cc 183 $acr 200 10$aAdventure guide to Jamaica /$fParis Permenter & John Bigley 205 $a4th ed. 210 $aEdison, NJ $cHunter Pub.$dc2000 215 $a1 online resource (327 p.) 225 1 $aOptimize Law Revision 300 $aIncludes index. 311 08$a0-415-85712-0 311 08$a1-336-22129-1 320 $aIncludes bibliographical references (p. 326-328) and index. 327 $aCover; Half Title; Title Page; Copyright Page; Table of Contents; Optimize - Your Blueprint for Exam Success; Guide to Using the Book and the Companion Website; Table of Cases and Statutes; 1 Introduction - What is Criminal Law and What is a Crime?; 2 General Elements of Liability; 3 Non-fatal Offences Against the Person; 4 Sexual Offences; 5 Homicide - Including Murder and Manslaughter; 6 Theft and Related Offences; 7 Criminal Damage; 8 Fraud and Blackmail; 9 Inchoate Offences; 10 Defences 1; 11 Defences 2; Index 330 $a"Criminal Law volume of the new Optimize revision series"--$cProvided by publisher. 330 $a"The Optimize series is designed to show you how to apply your knowledge in assessment. These concise revision guides cover the most commonly taught topics, and provide you with the tools to:Understand the law and remember the details using diagrams and tables throughout to demonstrate how the law fits togetherContextualise your knowledge identifying and explaining how to apply legal principles for important cases providing revision advise to help you aim higher in essays and examsAvoid common misunderstandings and errors identifying common pitfalls students encounter in class and in assessmentReflect critically on the law identifying contentious areas that are up for debate and on which you will need to form an opinionApply what you have learned in assessment presenting learning objectives that reflect typical assessment criteria providing sample essay and exam questions, supported by end-of-chapter feedback The series is also supported by comprehensive online resources that allow you to trackyour progress during the run-up to exams. www.routledge.com/cw/optimizelawrevision"--$cProvided by publisher. 410 0$aOptimize law revision. 517 3 $aJamaica 607 $aJamaica$xDescription and travel 607 $aJamaica$vGuidebooks 676 $a345.41 676 $a345.42 686 $aLAW000000$aLAW026000$2bisacsh 700 $aPermenter$b Paris$01610393 701 $aBigley$b John$01610394 801 0$bMiAaPQ 801 1$bMiAaPQ 801 2$bMiAaPQ 906 $aBOOK 912 $a9910832978103321 996 $aAdventure guide to Jamaica$94202854 997 $aUNINA